000
00285nam a22001337a 4500
008
180904b xxu||||| |||| 00| 0 eng d
020
_a
0070557241
041
_a
eng
080
_a
617
100
_a
5
101
_a
KIR
245
_a
Principles Surgery
_c
STORER.L
942
_2
udc
_c
BK
999
_c
47521
_d
47521